Informace v prognostické činnosti. ÚVTEI 5723 : Studijní texty-22 /

Guardado en:
Detalles Bibliográficos
Autor principal: Šulc, Ota (Autor)
Formato: Libro
Publicado: Praha : ÚVTEI, 1989
Etiquetas: Agregar Etiqueta
Sin Etiquetas, Sea el primero en etiquetar este registro!

MARC

LEADER 00000nam a22000003a 4500
001 stu16629
005 20150617225758.9
008 ------s1989----cs----------------------d
040 |a STU  |b slo 
041 0
044 |a cs 
080 |a 338.27 
100 1 |a Šulc, Ota  |4 aut 
245 1 |a Informace v prognostické činnosti. ÚVTEI 5723 :  |b Studijní texty-22 /  |c [aut.]Šulc,Ota 
260 |a Praha :  |b ÚVTEI,  |c 1989 
300 |a 154 s 
996 |b CB1001  |c C*B1001  |l CCXIV  |s P  |a 0  |w stu16629_0001